<?xml version="1.0" encoding="UTF-8"?>
<record
    xmlns:xsi="http://www.w3.org/2001/XMLSchema-instance"
    xsi:schemaLocation="http://www.loc.gov/MARC21/slim http://www.loc.gov/standards/marcxml/schema/MARC21slim.xsd"
    xmlns="http://www.loc.gov/MARC21/slim">

  <leader>01174nam a2200265 i 4500</leader>
  <controlfield tag="001">184960</controlfield>
  <controlfield tag="003">ES-MaACL</controlfield>
  <controlfield tag="005">20250811071126.0</controlfield>
  <controlfield tag="008">160229e1900    sp           |||| | spa d</controlfield>
  <datafield tag="080" ind1=" " ind2=" ">
    <subfield code="a">75 Goya, Francisco de (060.64) </subfield>
  </datafield>
  <datafield tag="111" ind1="2" ind2=" ">
    <subfield code="a">Exposici&#xF3;n de Obras de Goya (</subfield>
    <subfield code="d">1900. </subfield>
    <subfield code="c">Madrid)</subfield>
    <subfield code="9">158886</subfield>
  </datafield>
  <datafield tag="245" ind1="1" ind2="0">
    <subfield code="a">Cat&#xE1;logo de las obras de Goya expuestas en el Ministerio de Instrucci&#xF3;n P&#xFA;blica y Bellas Artes :</subfield>
    <subfield code="b">mayo, 1900.</subfield>
  </datafield>
  <datafield tag="260" ind1=" " ind2=" ">
    <subfield code="a">[S.l. : </subfield>
    <subfield code="b">s.n.], </subfield>
    <subfield code="c">1900</subfield>
    <subfield code="e">(Madrid : </subfield>
    <subfield code="f">Est. Tip. de Fortanet)</subfield>
  </datafield>
  <datafield tag="300" ind1=" " ind2=" ">
    <subfield code="a">61 p&#xE1;ginas ; </subfield>
    <subfield code="c">17 cm.</subfield>
  </datafield>
  <datafield tag="530" ind1=" " ind2=" ">
    <subfield code="a">Disponible en formato digital</subfield>
  </datafield>
  <datafield tag="600" ind1="1" ind2=" ">
    <subfield code="a">Goya, Francisco de,</subfield>
    <subfield code="d">1746-1828- </subfield>
    <subfield code="v">Exposiciones</subfield>
    <subfield code="9">240354</subfield>
  </datafield>
  <datafield tag="655" ind1=" " ind2="7">
    <subfield code="2">tgfbne</subfield>
    <subfield code="9">193628</subfield>
    <subfield code="a">Cat&#xE1;logos de exposiciones</subfield>
  </datafield>
  <datafield tag="710" ind1="1" ind2=" ">
    <subfield code="a">Espa&#xF1;a. </subfield>
    <subfield code="b">Ministerio de Instrucci&#xF3;n P&#xFA;blica y Bellas Artes</subfield>
    <subfield code="e">his</subfield>
    <subfield code="9">226896</subfield>
  </datafield>
  <datafield tag="852" ind1=" " ind2=" ">
    <subfield code="a">ES-MaACL</subfield>
    <subfield code="c">DEPOF</subfield>
    <subfield code="j">Fol-Laf-491</subfield>
  </datafield>
  <datafield tag="852" ind1=" " ind2=" ">
    <subfield code="a">ES-MaACL</subfield>
    <subfield code="c">SVI</subfield>
    <subfield code="h">Donativo de Cerrajer&#xED;a</subfield>
    <subfield code="j">D-366 </subfield>
  </datafield>
  <datafield tag="856" ind1=" " ind2=" ">
    <subfield code="u">https://bibliotecadigital.museodelprado.es/pradobib/es/bib/13551.do</subfield>
    <subfield code="y">Versi&#xF3;n en l&#xED;nea</subfield>
    <subfield code="z">(Biblioteca Digital del Museo del Prado)</subfield>
  </datafield>
  <datafield tag="942" ind1=" " ind2=" ">
    <subfield code="2">udc</subfield>
    <subfield code="c">MONANT</subfield>
    <subfield code="n">0</subfield>
  </datafield>
  <datafield tag="999" ind1=" " ind2=" ">
    <subfield code="c">184960</subfield>
    <subfield code="d">184960</subfield>
  </datafield>
  <datafield tag="952" ind1=" " ind2=" ">
    <subfield code="0">0</subfield>
    <subfield code="1">0</subfield>
    <subfield code="2">udc</subfield>
    <subfield code="4">0</subfield>
    <subfield code="7">0</subfield>
    <subfield code="8">LIBXIX</subfield>
    <subfield code="a">ATENEOM</subfield>
    <subfield code="b">ATENEOM</subfield>
    <subfield code="c">SVI</subfield>
    <subfield code="d">2016-02-29</subfield>
    <subfield code="e">DONACION</subfield>
    <subfield code="l">0</subfield>
    <subfield code="o">D-366</subfield>
    <subfield code="p">901194811</subfield>
    <subfield code="r">2023-02-23 00:00:00</subfield>
    <subfield code="y">MONANT</subfield>
  </datafield>
  <datafield tag="952" ind1=" " ind2=" ">
    <subfield code="0">0</subfield>
    <subfield code="1">0</subfield>
    <subfield code="2">udc</subfield>
    <subfield code="4">0</subfield>
    <subfield code="7">0</subfield>
    <subfield code="8">Colecci&#xF3;n_de_folletos</subfield>
    <subfield code="a">ATENEOM</subfield>
    <subfield code="b">ATENEOM</subfield>
    <subfield code="c">DEPOF</subfield>
    <subfield code="d">2016-02-29</subfield>
    <subfield code="l">0</subfield>
    <subfield code="o">Fol-Laf-491</subfield>
    <subfield code="p">1194810</subfield>
    <subfield code="r">2023-02-23 00:00:00</subfield>
    <subfield code="y">FOLLETOS</subfield>
  </datafield>
</record>
